00925nam a2200193 i 450000100060000000300090000600500170001500700030003200800410003510000270007624502840010326000560038730000510044370000330049470000340052785200320056199900170059395201210061045168ES-MaACL20230906161153.0t|030325s1951 sp ||||1| spa d1 aClayton, Ellis.93915210aIdentificación de materias colorantes sobre fibras textiles y determinación de los iones metálicos en materiales fibrosos, colorantes y pigmentos orgánicos / cpor Ellis Clayton ; traducida al español, ampliada y adaptada por Carlos Más Gibert y Juán Alsina Giralt. aBarcelona : bManuel Marín, c[1951] (fEmporium) a57 p., 7 gráf. pleg., XIV : bil. ; c22 cm.1 aMás Gibert, Carlos.9786331 aAlsina Giralt, Juán.920488 aES-MaACLjC-10292 bR.31110 c45168d45168 00104070aATENEOMbATENEOMcSPALd2008-01-17eSCl0oC-10292p1047533r2023-02-23 00:00:00w2023-02-23yMONOGRAFIA